[Event "1. ODEM U25 2004"]
[Site "Willingen GER"]
[Date "2004.06.04"]
[Round "8"]
[White "Kalla, Christian"]
[Black "Siebarth, Marco"]
[Result "1/2-1/2"]
[Termination "normal"]
[Board "5"]
[WhiteElo "1910"]
[BlackElo "2027"]
[PlyCount "120"]
[WhiteFideId "24605760"]
[BlackFideId "24604330"]
[EventCountry "GER"]
[EventRounds "9"]
[EventType "swiss"]
[EventDate "2004.05.29"]

1. e4 d5 2. exd5 Qxd5 3. Nc3 Qa5 4. d4 Nf6 5. Bc4 c6 6. Nf3 Bg4 7. h3 Bxf3 8.
Qxf3 e6 9. O-O Bd6 10. Ne4 Nxe4 11. Qxe4 O-O 12. Bxe6 Re8 13. Qf5 Qc7 14. Bc4
Bf8 15. Bf4 Qd7 16. Qxd7 Nxd7 17. Rfe1 Nb6 18. Bb3 Rad8 19. c3 h6 20. Kf1 g5
21. Bg3 Nd5 22. Rxe8 Rxe8 23. Re1 Rxe1+ 24. Kxe1 Kg7 25. Bxd5 cxd5 26. Bb8 a6
27. Ke2 Kf6 28. Kd3 Ke6 29. g4 f6 30. b3 Ba3 31. f4 Be7 32. f5+ Kd7 33. a4 Kc6
34. c4 b6 35. Kc3 a5 36. Bg3 Bb4+ 37. Kd3 Be7 38. Be1 Bd6 39. c5 Be7 40. b4
axb4 41. Bxb4 Bd8 42. Kc3 b5 43. Kb3 Bc7 44. Bc3 bxa4+ 45. Kxa4 Bg3 46. Kb4 Bf2
47. Bb2 Be3 48. Kc3 Kb5 49. Kd3 Bg1 50. Bc1 Bh2 51. Be3 Bc7 52. Ke2 Bg3 53. Bf2
Bh2 54. Kf3 Kc6 55. h4 Kd7 56. h5 Kc6 57. Bg3 Bg1 58. Bf2 Bh2 59. Bg3 Bg1 60.
Bf2 Bh2 1/2-1/2

[Event "1. ODEM U25 2004"]
[Site "Willingen GER"]
[Date "2004.06.04"]
[Round "8"]
[White "Kiener, Georg"]
[Black "Heigermoser, Robert"]
[Result "1-0"]
[Termination "normal"]
[Board "6"]
[WhiteElo "2008"]
[BlackElo "1770"]
[PlyCount "41"]
[BlackFideId "24619132"]
[EventCountry "GER"]
[EventRounds "9"]
[EventType "swiss"]
[EventDate "2004.05.29"]

1. e4 c6 2. d4 d5 3. e5 c5 4. c3 Nc6 5. Nf3 cxd4 6. cxd4 Bg4 7. Bb5 Qb6 8. Nc3
e6 9. O-O Nge7 10. Be3 a6 11. Be2 Nf5 12. Qd2 Bxf3 13. Bxf3 Ncxd4 14. Bg4 Nxe3
15. fxe3 Nc6 16. Nxd5 Qd8 17. Qf2 Nxe5 18. Bh5 g6 19. Nf6+ Ke7 20. Rad1 Qa5 21.
Nd5+ 1-0

[Event "1. ODEM U25 2004"]
[Site "Willingen GER"]
[Date "2004.06.04"]
[Round "8"]
[White "Billing, Christian"]
[Black "Dahmen, Christoph"]
[Result "1/2-1/2"]
[Termination "normal"]
[Board "7"]
[WhiteElo "1915"]
[BlackElo "2023"]
[PlyCount "120"]
[WhiteFideId "4697294"]
[BlackFideId "4692160"]
[EventCountry "GER"]
[EventRounds "9"]
[EventType "swiss"]
[EventDate "2004.05.29"]

1. e4 c5 2. Nc3 Nc6 3. g3 g6 4. Bg2 Bg7 5. d3 d6 6. f4 e6 7. Nf3 Nge7 8. O-O
O-O 9. g4 f5 10. exf5 gxf5 11. g5 e5 12. Nh4 Qe8 13. Bf3 Nd4 14. Bh5 Qc6 15.
Ne2 Be6 16. c3 Nxe2+ 17. Qxe2 e4 18. dxe4 fxe4 19. Bg4 Nf5 20. Bxf5 Bxf5 21.
Nxf5 Rxf5 22. Be3 d5 23. Rad1 b6 24. h4 Qd7 25. h5 d4 26. Qc4+ Qd5 27. Qxd5+
Rxd5 28. f5 Rad8 29. c4 R5d7 30. Bf4 e3 31. Rfe1 Bf8 32. g6 Be7 33. Be5 Bh4 34.
f6 Bf2+ 35. Kg2 d3 36. f7+ Kf8 37. Rxe3 Bxe3 38. Rf1 hxg6 39. hxg6 Bh6 40. Rh1
Bg7 41. Bxg7+ Kxg7 42. Rh7+ Kxg6 43. f8=N+ Rxf8 44. Rxd7 Re8 45. Rxd3 Re2+ 46.
Kf3 Rxb2 47. Ra3 Rb4 48. Rc3 Kf5 49. Ke3 Ke5 50. Kd3 Rb1 51. Rc2 Rf1 52. Re2+
Kf5 53. Re7 Rf3+ 54. Kc2 Ra3 55. Kb2 Kf6 56. Rh7 Ra4 57. Kb3 Rb4+ 58. Kc3 Ra4
59. Kb3 Ra5 60. a4 Ke5 1/2-1/2

[Event "1. ODEM U25 2004"]
[Site "Willingen GER"]
[Date "2004.06.04"]
[Round "8"]
[White "Beckmann, Emanuel"]
[Black "Dorn, Matthias"]
[Result "1-0"]
[Termination "normal"]
[Board "8"]
[WhiteElo "1868"]
[BlackElo "1762"]
[PlyCount "81"]
[WhiteFideId "24608025"]
[BlackFideId "24600695"]
[EventCountry "GER"]
[EventRounds "9"]
[EventType "swiss"]
[EventDate "2004.05.29"]

1. e4 c5 2. Nf3 Nc6 3. Bb5 g6 4. O-O Bg7 5. c3 Nf6 6. Re1 O-O 7. d4 cxd4 8.
cxd4 d5 9. e5 Ne8 10. Bxc6 bxc6 11. b3 Bg4 12. Ba3 Nc7 13. Nbd2 Ne6 14. Qc2 Rc8
15. Rac1 Re8 16. h3 Bxf3 17. Nxf3 f6 18. Bc5 Qc7 19. h4 f5 20. Qd3 Nxc5 21.
Rxc5 e6 22. Rec1 Qb6 23. Qc3 h6 24. Rxc6 Rxc6 25. Qxc6 Qxc6 26. Rxc6 Kf7 27.
Ne1 Re7 28. Nd3 Bf8 29. Nc5 Re8 30. Kf1 Bxc5 31. Rxc5 Re7 32. Ke2 Rb7 33. Kd2
Ke7 34. Rc8 Rb4 35. Kc3 Rb7 36. Rh8 Rc7+ 37. Kb2 h5 38. Rh7+ Kd8 39. Rxc7 Kxc7
40. b4 Kb6 41. a4 1-0

[Event "1. ODEM U25 2004"]
[Site "Willingen GER"]
[Date "2004.06.04"]
[Round "8"]
[White "Kühner, Christian"]
[Black "Fuhrmann, Marc Andre"]
[Result "1-0"]
[Termination "normal"]
[Board "9"]
[WhiteElo "2169"]
[BlackElo "2059"]
[PlyCount "95"]
[WhiteFideId "4679440"]
[BlackFideId "4696980"]
[EventCountry "GER"]
[EventRounds "9"]
[EventType "swiss"]
[EventDate "2004.05.29"]

1. c4 c6 2. Nf3 Nf6 3. Nc3 d5 4. e3 e6 5. b3 Nbd7 6. Qc2 Be7 7. Be2 O-O 8. O-O
b6 9. Bb2 Bb7 10. Rac1 Rc8 11. Rfd1 Qc7 12. d4 Rfd8 13. h3 c5 14. cxd5 exd5 15.
Qd2 Ne4 16. Qe1 f5 17. dxc5 Nxc3 18. Qxc3 Bf6 19. Qc2 Bxb2 20. Qxb2 bxc5 21.
Bd3 d4 22. Ng5 Ne5 23. Bxf5 Qe7 24. Be6+ Kh8 25. Bxc8 Rxc8 26. f4 h6 27. exd4
Ng6 28. Re1 Qf6 29. Re6 Qf5 30. Qc2 Qxc2 31. Rxc2 hxg5 32. Rxg6 Be4 33. Rxg5
Bxc2 34. Rxc5 Rxc5 35. dxc5 Be4 36. Kf2 Kg8 37. g4 Kf7 38. Ke3 Bg2 39. h4 Ke6
40. h5 Kd5 41. g5 Be4 42. c6 Bf5 43. c7 Kd6 44. Kd4 Kxc7 45. Ke5 Bh7 46. f5 Kd7
47. g6 Bg8 48. f6 1-0

[Event "1. ODEM U25 2004"]
[Site "Willingen GER"]
[Date "2004.06.04"]
[Round "8"]
[White "Morgenstern, Petra"]
[Black "Poysti, Nathanael"]
[Result "0-1"]
[Termination "normal"]
[Board "10"]
[WhiteElo "2062"]
[BlackElo "1910"]
[PlyCount "80"]
[WhiteFideId "4690710"]
[EventCountry "GER"]
[EventRounds "9"]
[EventType "swiss"]
[EventDate "2004.05.29"]

1. d4 d5 2. Nf3 Nc6 3. Bf4 Bg4 4. e3 e6 5. c4 Bb4+ 6. Nc3 Nf6 7. Be2 Ne4 8. Rc1
g5 9. Be5 f6 10. Bg3 h5 11. h3 Nxg3 12. fxg3 Bf5 13. O-O Qd7 14. a3 Bxc3 15.
Rxc3 Ne7 16. c5 O-O-O 17. Nh2 Rdf8 18. Bxh5 Be4 19. Bf3 f5 20. Bxe4 dxe4 21. b4
Nd5 22. Rb3 Qg7 23. b5 e5 24. dxe5 Qxe5 25. Qd4 Qe6 26. Rb2 Rd8 27. Qc4 Qe5 28.
Qe2 Qxg3 29. Qf2 Qxe3 30. Qxe3 Nxe3 31. Re1 Rd3 32. a4 Rhd8 33. Nf1 Nxf1 34.
Kxf1 e3 35. Ke2 f4 36. Kf3 Rd2 37. Re2 Rd1 38. h4 Rf1+ 39. Kg4 gxh4 40. Kxh4
Rg8 0-1

[Event "1. ODEM U25 2004"]
[Site "Willingen GER"]
[Date "2004.06.04"]
[Round "8"]
[White "Alic, Miran"]
[Black "Fink, Leander"]
[Result "1/2-1/2"]
[Termination "normal"]
[Board "11"]
[WhiteElo "2052"]
[BlackElo "1936"]
[PlyCount "70"]
[WhiteFideId "24605425"]
[BlackFideId "24605247"]
[EventCountry "GER"]
[EventRounds "9"]
[EventType "swiss"]
[EventDate "2004.05.29"]

1. e4 c5 2. Nf3 Nc6 3. d4 cxd4 4. c3 Nf6 5. e5 Nd5 6. cxd4 d6 7. Bc4 Nb6 8. Bb3
d5 9. O-O Bg4 10. Be3 e6 11. h3 Bh5 12. Nc3 Be7 13. Rc1 O-O 14. Qe2 Rc8 15. Bc2
Bg6 16. Bxg6 hxg6 17. Nd2 Na5 18. Rc2 Bb4 19. Rfc1 Bxc3 20. Rxc3 Rxc3 21. Rxc3
Nac4 22. Nxc4 Nxc4 23. b3 Na5 24. Qc2 Nc6 25. Kh2 Qd7 26. f4 Rc8 27. Bf2 Ne7
28. Rxc8+ Qxc8 29. Qxc8+ Nxc8 30. g4 a6 31. Kg2 Kf8 32. Kf3 Na7 33. Ke3 Nc6 34.
Be1 b5 35. a3 f5 1/2-1/2

[Event "1. ODEM U25 2004"]
[Site "Willingen GER"]
[Date "2004.06.04"]
[Round "8"]
[White "Swalve, Tilko"]
[Black "Rafiee, Makan"]
[Result "0-1"]
[Termination "normal"]
[Board "12"]
[WhiteElo "1282"]
[BlackElo "2028"]
[PlyCount "73"]
[BlackFideId "24609340"]
[EventCountry "GER"]
[EventRounds "9"]
[EventType "swiss"]
[EventDate "2004.05.29"]

1. d4 c5 2. d5 e6 3. c4 Nf6 4. Nc3 g6 5. e4 exd5 6. cxd5 d6 7. Nf3 Bg7 8. Be2
O-O 9. Bg5 Bg4 10. Nd2 Bxe2 11. Qxe2 Na6 12. O-O Nc7 13. a4 Qd7 14. f4 Rfe8 15.
Qf3 Qg4 16. h3 Qxf3 17. Rxf3 a6 18. Kf2 b5 19. axb5 axb5 20. Rxa8 Rxa8 21. Re3
Nd7 22. g4 h6 23. Be7 Bd4 24. Bxd6 Ne8 25. Be7 Bxe3+ 26. Kxe3 b4 27. Ne2 Nc7
28. d6 Nb5 29. Nc4 Ra1 30. e5 Rf1 31. Ke4 Re1 32. Kd3 Rd1+ 33. Ke3 Nd4 34. Ng3
Nc6 35. Ne4 Re1+ 36. Kf3 Nd4+ 37. Kg3 0-1

[Event "1. ODEM U25 2004"]
[Site "Willingen GER"]
[Date "2004.06.04"]
[Round "8"]
[White "Rackisch, Daniel"]
[Black "Müer, Sebastian"]
[Result "1-0"]
[Termination "normal"]
[Board "13"]
[WhiteElo "1859"]
[BlackElo "1465"]
[PlyCount "57"]
[WhiteFideId "24609323"]
[EventCountry "GER"]
[EventRounds "9"]
[EventType "swiss"]
[EventDate "2004.05.29"]

1. e4 c5 2. c3 e6 3. d4 d5 4. e5 Nc6 5. Nf3 Qb6 6. Bd3 Bd7 7. O-O cxd4 8. cxd4
Nxd4 9. Nxd4 Qxd4 10. Nc3 Qxe5 11. Re1 Qd6 12. Nb5 Bxb5 13. Bxb5+ Kd8 14. Qf3
Nf6 15. Be3 a6 16. Ba4 b5 17. Bb3 Rc8 18. Rac1 Rxc1 19. Rxc1 Kd7 20. Bf4 e5 21.
Bg5 e4 22. Qc3 Be7 23. Bf4 Qb4 24. Qh3+ Ke8 25. Qc8+ Bd8 26. Qc6+ Ke7 27. Be3
d4 28. Qb7+ Kd6 29. Bf4# 1-0

[Event "1. ODEM U25 2004"]
[Site "Willingen GER"]
[Date "2004.06.04"]
[Round "8"]
[White "Demmler, Julia"]
[Black "Völschow, Toni"]
[Result "0-1"]
[Termination "normal"]
[Board "14"]
[WhiteElo "1296"]
[BlackElo "1571"]
[PlyCount "88"]
[BlackFideId "24622591"]
[EventCountry "GER"]
[EventRounds "9"]
[EventType "swiss"]
[EventDate "2004.05.29"]

1. e4 c5 2. Nf3 d6 3. d4 cxd4 4. Nxd4 Nf6 5. Nc3 a6 6. Be2 e6 7. O-O Be7 8. a4
Qc7 9. f4 b6 10. Kh1 Bb7 11. Bf3 Nbd7 12. g4 Nc5 13. Qe2 Nfd7 14. Bd2 Bf6 15.
Qf2 e5 16. Nf5 g6 17. Ng3 Ne6 18. f5 Ng5 19. Bg2 h6 20. Rfd1 Rc8 21. Be3 Be7
22. Rac1 Bd8 23. Rf1 Nf6 24. Qe2 Qc4 25. Qxc4 Rxc4 26. Bxg5 hxg5 27. Bf3 Rh4
28. Rcd1 Be7 29. Rde1 Nxg4 30. Bxg4 Rxg4 31. fxg6 fxg6 32. Re3 Rf4 33. Ree1 Bc6
34. Kg2 Bxa4 35. Nxa4 Rxa4 36. b3 Rd4 37. Re2 Kd7 38. Kg1 Rxf1+ 39. Kxf1 Rd1+
40. Re1 Rxe1+ 41. Kxe1 Kc6 42. h3 Kc5 43. Kd2 b5 44. Kc3 d5 0-1

[Event "1. ODEM U25 2004"]
[Site "Willingen GER"]
[Date "2004.06.04"]
[Round "8"]
[White "Trippe, Fabian"]
[Black "Zayadeh, Raphael"]
[Result "0-1"]
[Termination "normal"]
[Board "15"]
[WhiteElo "1637"]
[BlackElo "1906"]
[PlyCount "42"]
[EventCountry "GER"]
[EventRounds "9"]
[EventType "swiss"]
[EventDate "2004.05.29"]

1. d4 Nf6 2. e3 d5 3. Bd3 Bg4 4. Nf3 Nbd7 5. Nbd2 e5 6. dxe5 Nxe5 7. Be2 Nxf3+
8. Nxf3 Bd6 9. O-O c6 10. h3 Be6 11. Ng5 Qc7 12. Nxe6 fxe6 13. c4 O-O 14. b3
Be5 15. Rb1 Ne4 16. Bb2 Bh2+ 17. Kh1 Rxf2 18. Bf3 Rxf1+ 19. Qxf1 Ng3+ 20. Kxh2
Nxf1+ 21. Kh1 Qh2# 0-1

[Event "1. ODEM U25 2004"]
[Site "Willingen GER"]
[Date "2004.06.04"]
[Round "8"]
[White "Katte, Nicolas"]
[Black "Wild, Markus"]
[Result "0-1"]
[Termination "normal"]
[Board "16"]
[WhiteElo "1729"]
[BlackElo "1559"]
[PlyCount "48"]
[WhiteFideId "24614149"]
[EventCountry "GER"]
[EventRounds "9"]
[EventType "swiss"]
[EventDate "2004.05.29"]

1. e4 c5 2. Nc3 d6 3. f4 Nf6 4. Nf3 g6 5. Bc4 Bg7 6. d3 Nc6 7. O-O O-O 8. f5
gxf5 9. Qe1 fxe4 10. dxe4 Bg4 11. Qh4 Bxf3 12. Rxf3 Ne5 13. Rh3 Ng6 14. Qg3 a6
15. a4 Qa5 16. Bg5 Qb4 17. Bd3 Qxb2 18. Qe1 Qb6 19. Rb1 Qc6 20. Bxf6 Bxf6 21.
e5 Bxe5 22. Bxg6 fxg6 23. Qh4 Rf7 24. Rf1 Bd4+ 0-1

[Event "1. ODEM U25 2004"]
[Site "Willingen GER"]
[Date "2004.06.04"]
[Round "8"]
[White "Zikeli, Julia"]
[Black "Falke, Isaak"]
[Result "0-1"]
[Termination "normal"]
[Board "17"]
[WhiteElo "1534"]
[BlackElo "1721"]
[PlyCount "110"]
[WhiteFideId "24622753"]
[BlackFideId "24614483"]
[EventCountry "GER"]
[EventRounds "9"]
[EventType "swiss"]
[EventDate "2004.05.29"]

1. e4 e5 2. Nf3 Nc6 3. Bc4 Bc5 4. c3 Nf6 5. d4 exd4 6. cxd4 Bb4+ 7. Nc3 Nxe4 8.
O-O Bxc3 9. d5 Bf6 10. Re1 Ne7 11. Rxe4 d6 12. Bg5 Bxg5 13. Nxg5 h6 14. Qe2
hxg5 15. Re1 Be6 16. dxe6 f6 17. Re3 d5 18. Rh3 Rxh3 19. gxh3 g6 20. Bd3 Qd6
21. Qc2 f5 22. Qd2 Qf4 23. Qxf4 gxf4 24. Kg2 O-O-O 25. Kf3 Rh8 26. Kxf4 Rxh3
27. Bc2 Rxh2 28. Kg3 Rh8 29. Kf4 c6 30. Kg5 Kc7 31. Kf6 Kd6 32. Kg7 Rh2 33. Re2
c5 34. b3 b5 35. Kf6 d4 36. Bd3 b4 37. Bc4 Rh4 38. f3 a5 39. Bb5 Rh1 40. Be8
Rf1 41. Bxg6 Rxf3 42. Bf7 a4 43. bxa4 Ra3 44. Bg6 Rxa4 45. Bxf5 Nxf5 46. Kxf5
Ra7 47. Kf6 Re7 48. Re5 d3 49. Rd5+ Kxd5 50. Kxe7 d2 51. Kf7 d1=Q 52. e7 Qh5+
53. Kf8 Qf5+ 54. Kg7 Qe6 55. Kf8 Qf6+ 0-1

[Event "1. ODEM U25 2004"]
[Site "Willingen GER"]
[Date "2004.06.04"]
[Round "8"]
[White "Völz, Michael"]
[Black "Schäfer, Simon"]
[Result "1/2-1/2"]
[Termination "normal"]
[Board "19"]
[WhiteElo "1387"]
[BlackElo "1255"]
[PlyCount "89"]
[WhiteFideId "24640107"]
[EventCountry "GER"]
[EventRounds "9"]
[EventType "swiss"]
[EventDate "2004.05.29"]

1. e4 c5 2. Nc3 d6 3. f4 Nc6 4. Nf3 g6 5. Bb5 Bd7 6. d3 Bg7 7. Be3 a6 8. Bxc6
Bxc6 9. O-O b5 10. Qc1 e6 11. Ne2 Ne7 12. c3 Qc7 13. Qc2 O-O 14. Kh1 Bb7 15.
Rac1 Rac8 16. Ng3 Rfd8 17. Rfd1 Bh6 18. Qd2 Bg7 19. Re1 Rd7 20. d4 cxd4 21.
cxd4 Qb8 22. Rxc8+ Qxc8 23. Rc1 Rc7 24. Rxc7 Qxc7 25. Qe2 Nc6 26. e5 f6 27.
exf6 Bxf6 28. Qd3 Nb4 29. Qb3 Bxf3 30. Qxe6+ Qf7 31. Qc8+ Qf8 32. Qe6+ Qf7 33.
Qc8+ Kg7 34. gxf3 Nxa2 35. f5 Bh4 36. Qxa6 Bxg3 37. hxg3 Qxf5 38. Qb7+ Kg8 39.
Qb8+ Qf8 40. Qxf8+ Kxf8 41. Bd2 Ke7 42. Kg2 Ke6 43. Kf2 Kd5 44. Ke3 Kc4 45. f4
1/2-1/2

[Event "1. ODEM U25 2004"]
[Site "Willingen GER"]
[Date "2004.06.04"]
[Round "8"]
[White "Rashidian, Sagross"]
[Black "Strohmann, Marcel"]
[Result "1-0"]
[Termination "normal"]
[Board "20"]
[WhiteElo "1626"]
[BlackElo "821"]
[PlyCount "95"]
[EventCountry "GER"]
[EventRounds "9"]
[EventType "swiss"]
[EventDate "2004.05.29"]

1. e4 c6 2. d4 d5 3. Nc3 dxe4 4. Nxe4 Bf5 5. Ng3 Bg6 6. Nh3 Nf6 7. Nf4 e6 8.
Nxg6 hxg6 9. c3 Nbd7 10. Bg5 Qc7 11. Bd3 O-O-O 12. Qc2 Be7 13. O-O-O Nb6 14. h3
Nbd5 15. Ne2 Bd6 16. g3 e5 17. dxe5 Bxe5 18. Bd2 Qb6 19. f4 Ne3 20. Bxe3 Qxe3+
21. Kb1 Bc7 22. Nd4 Qxg3 23. Nxc6 bxc6 24. Ba6+ Kb8 25. Qb3+ Bb6 26. Qxf7 Rxd1+
27. Rxd1 Bc7 28. Qxg7 Qh4 29. Qf7 Qh5 30. Rd4 Qf5+ 31. Bd3 Ne4 32. Qb3+ Bb6 33.
Bxe4 Qxf4 34. Bxg6 Qf1+ 35. Rd1 Qf6 36. Bd3 Rd8 37. Qc2 Qf2 38. Qxf2 Bxf2 39.
Kc2 Kc7 40. Rf1 Bh4 41. Rf7+ Rd7 42. Rxd7+ Kxd7 43. Bf5+ Ke7 44. Kd3 Kf6 45.
Bg4 Ke5 46. Kc4 Kd6 47. b4 a6 48. Bc8 1-0

[Event "1. ODEM U25 2004"]
[Site "Willingen GER"]
[Date "2004.06.04"]
[Round "8"]
[White "Reinke, Martin"]
[Black "Jehle, Daniel"]
[Result "0-1"]
[Termination "normal"]
[Board "21"]
[WhiteElo "1498"]
[BlackElo "1526"]
[PlyCount "70"]
[WhiteFideId "4620518"]
[EventCountry "GER"]
[EventRounds "9"]
[EventType "swiss"]
[EventDate "2004.05.29"]

1. d4 Nf6 2. c4 g6 3. Nf3 d6 4. Bg5 Nbd7 5. Nbd2 Bg7 6. e3 O-O 7. Rc1 c5 8. Bd3
Re8 9. O-O Qc7 10. d5 Nf8 11. b3 e6 12. e4 e5 13. h3 h6 14. Bh4 Nh5 15. Bb1 Nf6
16. Re1 g5 17. Nxg5 hxg5 18. Bxg5 N6h7 19. Bh4 Ng6 20. Bg3 Bh6 21. Rc2 Qe7 22.
Nf3 Kh8 23. Rce2 Rg8 24. Kh2 Bf4 25. Rf1 Bd7 26. Rb2 Ng5 27. Ng1 Nh7 28. Qh5
Rg7 29. Ne2 Rag8 30. Bxf4 exf4 31. f3 Qf6 32. Rc2 Ne5 33. g4 fxg3+ 34. Kg2 Rg5
35. Qh4 Ng6 0-1

[Event "1. ODEM U25 2004"]
[Site "Willingen GER"]
[Date "2004.06.04"]
[Round "8"]
[White "Jorczik, Andreas"]
[Black "Dauer, Carolin"]
[Result "1/2-1/2"]
[Termination "normal"]
[Board "22"]
[WhiteElo "1357"]
[BlackElo "1399"]
[PlyCount "60"]
[WhiteFideId "24634921"]
[BlackFideId "24666050"]
[EventCountry "GER"]
[EventRounds "9"]
[EventType "swiss"]
[EventDate "2004.05.29"]

1. d4 d5 2. c4 c6 3. Nc3 e6 4. Nf3 Nf6 5. Bg5 Nbd7 6. e3 Bd6 7. Bd3 dxc4 8.
Bxc4 b5 9. Bd3 a6 10. Rc1 Bb7 11. O-O Qc7 12. Qc2 c5 13. Ne4 Nxe4 14. Bxe4 Rc8
15. dxc5 Nxc5 16. Bxb7 Nxb7 17. Qxc7 Rxc7 18. Rxc7 Bxc7 19. Rc1 Kd7 20. e4 Rc8
21. Kf1 f6 22. Be3 Na5 23. b3 Nc6 24. g3 Ne5 25. Nxe5+ Bxe5 26. Rxc8 Kxc8 27.
f4 Bd6 28. Ke2 Kc7 29. Kd3 Kc6 30. Kc3 Bc5 1/2-1/2

[Event "1. ODEM U25 2004"]
[Site "Willingen GER"]
[Date "2004.06.04"]
[Round "8"]
[White "Dietzen, Thomas"]
[Black "Lebeda, Lukas"]
[Result "1-0"]
[Termination "normal"]
[Board "23"]
[WhiteElo "1187"]
[BlackElo "1135"]
[PlyCount "113"]
[EventCountry "GER"]
[EventRounds "9"]
[EventType "swiss"]
[EventDate "2004.05.29"]

1. d4 Nf6 2. c4 g6 3. Nc3 Bg7 4. Nf3 c6 5. Bg5 d5 6. Qd2 O-O 7. Bh6 dxc4 8.
Bxg7 Kxg7 9. e3 Be6 10. Ne5 b5 11. a4 Nd5 12. Be2 Nxc3 13. Qxc3 Qd6 14. Nxc6
Nxc6 15. d5+ Ne5 16. dxe6 Qxe6 17. f4 b4 18. Qxe5+ Qxe5 19. fxe5 c3 20. bxc3
bxc3 21. O-O Rac8 22. Ra3 Rc5 23. Rd1 c2 24. Rc1 Rb8 25. Raa1 Rbc8 26. Ra2 e6
27. Bd3 Rxe5 28. e4 f5 29. Raxc2 Rxc2 30. Rxc2 fxe4 31. Bb5 e3 32. Re2 Kf6 33.
g3 Kg5 34. Kg2 h5 35. Be8 Kh6 36. Kf3 g5 37. h4 g4+ 38. Kf4 Rf5+ 39. Ke4 Kg7
40. Kxe3 Kf6 41. Rf2 Ke5 42. Rxf5+ exf5 43. Bxh5 Kf6 44. Kf4 a5 45. Be8 Ke7 46.
Bg6 Kf6 47. Bxf5 Kg7 48. h5 Kh6 49. Kxg4 Kg7 50. Kg5 Kg8 51. Kf6 Kh8 52. g4 Kg8
53. g5 Kh8 54. g6 Kg8 55. h6 Kf8 56. h7 Ke8 57. h8=Q# 1-0

[Event "1. ODEM U25 2004"]
[Site "Willingen GER"]
[Date "2004.06.04"]
[Round "8"]
[White "Finkbeiner, Alina"]
[Black "Frey, Steffen"]
[Result "0-1"]
[Termination "normal"]
[Board "25"]
[WhiteElo "904"]
[BlackElo "971"]
[PlyCount "94"]
[EventCountry "GER"]
[EventRounds "9"]
[EventType "swiss"]
[EventDate "2004.05.29"]

1. e4 e5 2. Nf3 Nc6 3. Bc4 Bc5 4. Nc3 Nf6 5. Bb5 d6 6. d3 O-O 7. Bg5 Bb4 8. Qd2
Qe7 9. O-O-O Nd8 10. Nh4 Ne6 11. Nf5 Qd8 12. Bc4 Bxc3 13. bxc3 Nxg5 14. Qxg5
Bxf5 15. Qxf5 Rb8 16. d4 Re8 17. h4 exd4 18. Rxd4 c5 19. Rd3 Rxe4 20. Bb3 c4
21. Rg3 cxb3 22. cxb3 Qd7 23. Qg5 Rg4 24. Qe3 Rxg3 25. Qxg3 Rc8 26. h5 h6 27.
Rh4 Rc5 28. Rd4 Qe7 29. Qh4 Rxh5 30. Qf4 Rh1+ 31. Kc2 Qe2+ 32. Rd2 Qe4+ 33.
Qxe4 Nxe4 34. Rd4 Nxf2 35. Rxd6 Rh2 36. Kc1 Rxg2 37. Rd2 Rg1+ 38. Kc2 Ne4 39.
Re2 Nc5 40. b4 Ne6 41. a4 Kf8 42. c4 Rg3 43. Rd2 b6 44. b5 Ra3 45. Rd5 Rxa4 46.
Kc3 Ra3+ 47. Kb2 Rg3 0-1

[Event "1. ODEM U25 2004"]
[Site "Willingen GER"]
[Date "2004.06.05"]
[Round "9"]
[White "Schafranietz, Sebastian"]
[Black "Lantzsch, Christian"]
[Result "1/2-1/2"]
[Termination "normal"]
[Board "1"]
[WhiteElo "2236"]
[BlackElo "2095"]
[PlyCount "47"]
[WhiteFideId "4632516"]
[BlackFideId "4659821"]
[EventCountry "GER"]
[EventRounds "9"]
[EventType "swiss"]
[EventDate "2004.05.29"]

1. d4 f5 2. g3 Nf6 3. Bg2 e6 4. Nf3 d5 5. O-O Bd6 6. c4 c6 7. b3 Qe7 8. Nbd2
Nbd7 9. Bb2 Ne4 10. Ne5 O-O 11. Nxe4 fxe4 12. Nxd7 Bxd7 13. f3 exf3 14. exf3
dxc4 15. bxc4 c5 16. f4 cxd4 17. Bxd4 Bc5 18. Kh1 Rfd8 19. Bxc5 Qxc5 20. Qe2
Rac8 21. Bxb7 Bc6+ 22. Bxc6 Qxc6+ 23. Kg1 Qxc4 24. Qxc4 1/2-1/2

[Event "1. ODEM U25 2004"]
[Site "Willingen GER"]
[Date "2004.06.05"]
[Round "9"]
[White "Seifert, Volker"]
[Black "Lipok, Christoph"]
[Result "1-0"]
[Termination "normal"]
[Board "2"]
[WhiteTitle "FM"]
[WhiteElo "2302"]
[BlackElo "1824"]
[PlyCount "55"]
[WhiteFideId "4658060"]
[BlackFideId "24620220"]
[EventCountry "GER"]
[EventRounds "9"]
[EventType "swiss"]
[EventDate "2004.05.29"]

1. d4 e6 2. c4 Nf6 3. Nc3 Bb4 4. Qc2 d6 5. Bg5 Nbd7 6. e3 h6 7. Bh4 b6 8. Bd3
Bb7 9. f3 O-O 10. Nge2 e5 11. O-O Bxc3 12. Nxc3 Re8 13. Rae1 Nf8 14. d5 N8d7
15. f4 exf4 16. exf4 Rxe1 17. Rxe1 Qf8 18. Nb5 a6 19. Nd4 Re8 20. Qd2 Rxe1+ 21.
Qxe1 g6 22. Qg3 Qe8 23. Qf3 Kg7 24. Bc2 Nb8 25. Qc3 Qe7 26. Nf3 Nbd7 27. h3 Kg8
28. Ba4 1-0

[Event "1. ODEM U25 2004"]
[Site "Willingen GER"]
[Date "2004.06.05"]
[Round "9"]
[White "Kiener, Georg"]
[Black "Seiler, Dirk"]
[Result "0-1"]
[Termination "normal"]
[Board "3"]
[WhiteElo "2008"]
[BlackElo "1911"]
[PlyCount "126"]
[BlackFideId "24603155"]
[EventCountry "GER"]
[EventRounds "9"]
[EventType "swiss"]
[EventDate "2004.05.29"]

1. e4 e6 2. d4 d5 3. e5 c5 4. c3 Nc6 5. Nf3 cxd4 6. cxd4 Bb4+ 7. Bd2 Bxd2+ 8.
Qxd2 Nge7 9. Nc3 a6 10. Bd3 O-O 11. O-O f5 12. exf6 Rxf6 13. Rac1 b5 14. Bb1
Bd7 15. Rfe1 Qb6 16. Rcd1 Raf8 17. Qd3 g6 18. Rd2 Qc7 19. Ne5 Nxe5 20. Rxe5 Nf5
21. a3 Nd6 22. Re1 Nc4 23. Rde2 Qf4 24. Nd1 Qh4 25. f3 Rf4 26. g3 Qg5 27. Rf2
R4f7 28. Kh1 Qh5 29. f4 g5 30. Rg2 Kh8 31. fxg5 Qxg5 32. Rf2 Qh5 33. Rxf7 Rxf7
34. Rf1 Rxf1+ 35. Qxf1 Kg7 36. Kg2 Nd2 37. Qd3 Qxd1 38. Bc2 Qe1 39. Qxh7+ Kf6
40. Qh8+ Ke7 41. Qg7+ Kd8 42. Qf8+ Kc7 43. Qf4+ Kc6 44. h4 Qe2+ 45. Qf2 Qxf2+
46. Kxf2 Be8 47. g4 Ne4+ 48. Ke3 Bg6 49. Kf4 Kd6 50. Bd1 Ke7 51. h5 Bh7 52. g5
Bf5 53. Bg4 Bxg4 54. Kxg4 Kf7 55. Kf4 a5 56. Kg4 Nf2+ 57. Kf3 Nd3 58. b3 b4 59.
a4 Nc1 60. Kf4 Nxb3 61. Ke5 Nxd4 62. Kxd4 e5+ 63. Kxe5 b3 0-1

[Event "1. ODEM U25 2004"]
[Site "Willingen GER"]
[Date "2004.06.05"]
[Round "9"]
[White "Hirneise, Tobias"]
[Black "Beckmann, Emanuel"]
[Result "1/2-1/2"]
[Termination "normal"]
[Board "4"]
[WhiteElo "1960"]
[BlackElo "1868"]
[PlyCount "45"]
[WhiteFideId "24600881"]
[BlackFideId "24608025"]
[EventCountry "GER"]
[EventRounds "9"]
[EventType "swiss"]
[EventDate "2004.05.29"]

1. e4 e6 2. d4 d5 3. Nd2 Be7 4. Ngf3 b6 5. c3 dxe4 6. Nxe4 Bb7 7. Bd3 Nf6 8.
Nxf6+ Bxf6 9. O-O O-O 10. Qe2 Nd7 11. Bf4 c5 12. dxc5 Nxc5 13. Rfd1 Nxd3 14.
Rxd3 Ba6 15. Rxd8 Bxe2 16. Rxa8 Rxa8 17. Nd4 Ba6 18. Nf3 Rd8 19. a4 Rd5 20. Be3
Kf8 21. h3 Ke7 22. Nd4 Bxd4 23. Bxd4 1/2-1/2